00424nam a22001337a 450000500170000002000250001703700250004210000180006724500710008526000440015627000410020030000290024149000200027020111212143410.0 a9788121938259c99.00 bS. Chand Publishing  aEldin, Peter  aThe most excellent book of how to be a magician /cby Peter Eldin  aNew Delhi bS. Chand Publishing c2011 a7361, Ram Nagar bNew Delhi e110055 a32p. bill. c24cm(pbk)  aMost excellent